| 000 | 00620nam a2200217 a 4500 | ||
|---|---|---|---|
| 003 | UPN | ||
| 005 | 20240315111306.0 | ||
| 008 | 991125s1917 uy a 000 0 spa u | ||
| 035 | _aUPN01000013224 | ||
| 040 |
_aUPN _bspa _cUPN |
||
| 049 | _aCE | ||
| 050 | 4 |
_aBF139 V3.2 _b1917 |
|
| 100 | 1 |
_aVaz Ferreira, Carlos, _d1872-1958 _951382 |
|
| 245 | 1 | 0 | _aCurso expositivo de psicología elemental |
| 260 |
_aMontevideo : _bBarreiro, _c1917. |
||
| 300 |
_a232 páginas : _bilustraciones |
||
| 650 | 2 |
_aPsicología _xEstudio y enseñanza _912150 |
|
| 902 | _bMaríaRobles/150324 | ||
| 905 | _aLibro | ||
| 942 |
_2lcc _cLIBRO _n0 |
||
| 999 |
_c13224 _d13224 |
||